000 00564nam a2200133Ia 4500
008 171212s9999 xx 000 0 und d
020 _a9781760460600
100 _aBesemeres, John
245 _cBesemeres, John
_aA Difficult Neighbourhood
_bEssays on Russia and East-Central Europe since World War II
260 _bANU E Press
_c2016
650 _aHistory
650 _aRussia -- Relations -- Europe, Eastern; Europe, Eastern -- Relations -- Russia; Russia -- History; Europe, Eastern -- History; Poland -- History
856 _uhttp://jstor.org/stable/j.ctt1rqc96p
999 _c350963
_d350963